00502nam a22001697a 450000500170000001000150001702000260003203500140005803700130007208200140008510000180009924500550011726000390017227000470021130000240025850000500028220170331160244.0 aENG-117680 a9788184846317c680.00 aEN-101212 bDABD/PUB a332.80954 aMohinder Kaur aDeregulation of interest rates /cby Mohinder Kaur aNew DelhibRegal Publicationc2016 aF-159, Rajouri Garden, bNew Delhie110027 axii,147p.c22cm(Hb) aIncludes bibliographical references and index